000 00745nam a2200265 i 4500
001 C2-0246435
003 PPAK
005 20180727211207.0
008 030324s2002 enka|||| ||||| | eng d
020 _a0751373567
040 _aPPAK
_beng
_cPPAK
_erda
082 0 4 _a615.5
_223
090 0 0 _a615.5
_bRIC
_dR
100 1 _aRichardson, Hazel,
_eauthor
245 1 0 _aKiller diseases
264 1 _aLondon :
_bDorling Kindersley ,
_c2002
300 _a72 pages :
_bcolour illustrations ;
_c18 cm
336 _2rdacontent
_atext
337 _2rdamedia
_aunmediated
338 _2rdacarrier
_avolume
490 1 _aEssential science
650 1 0 _aCommunicable diseases - Alternative treatment
830 0 _aEssential science
942 _ddc
_cB
999 _c60371
_d60371